000 00814nam a2200253Ia 4500
003 OSt
005 20260417173112.0
006 a|||||r|||| 00| 0
007 ta
008 220926b |||||||| |||| 00| 0 eng d
024 _a25764
037 _cTheses
040 _aCRL
_cCRL
_beng
041 _2eng
_aeng
100 _aSharma Suman
110 _aUniversity of Delhi. Faculty of Music and Fine Arts. Department of Music
_9520437
245 0 _aEconomic aspects of Indian musicians in the twentieth century
260 _c1999
650 _aMUSIC
_917402
700 _a Chaudhuri Devabrata Supervisor
_9530776
700 _aUniversity of Delhi. Faculty of Music and Fine Arts. Department of Music
_9520438
942 _cTH
_2CC
999 _c864507
_d864507